Hỏi - Đáp pháp luật bảo vệ quyền lợi người tiêu dùng

Nội dung sách bao gồm 80 câu hỏi và trả lời, cung cấp thông tin, giải thích các quy định liên quan đến pháp luật bảo vệ quyền lợi người tiêu dùng tại Việt Nam và một số tài liệu tham khảo về bảo vệ người tiêu dùng....

पूर्ण विवरण

में बचाया:
ग्रंथसूची विवरण
मुख्य लेखक: Trần, Thị Quang Hồng
स्वरूप: पुस्तक
भाषा:Undetermined
प्रकाशित: Hà Nội Chính trị quốc gia - Sự thật 2011
विषय:
टैग : टैग जोड़ें
कोई टैग नहीं, इस रिकॉर्ड को टैग करने वाले पहले व्यक्ति बनें!
Thư viện lưu trữ: Trung tâm Học liệu Trường Đại học Cần Thơ
LEADER 01181nam a2200241Ia 4500
001 CTU_226957
008 210402s9999 xx 000 0 und d
020 |c 32000 
082 |a 343.597071 
082 |b H455 
100 |a Trần, Thị Quang Hồng 
245 0 |a Hỏi - Đáp pháp luật bảo vệ quyền lợi người tiêu dùng 
245 0 |c Trần Thị Quang Hồng, Trương Hồng Quang, Nguyễn Mai Trang 
260 |a Hà Nội 
260 |b Chính trị quốc gia - Sự thật 
260 |c 2011 
520 |a Nội dung sách bao gồm 80 câu hỏi và trả lời, cung cấp thông tin, giải thích các quy định liên quan đến pháp luật bảo vệ quyền lợi người tiêu dùng tại Việt Nam và một số tài liệu tham khảo về bảo vệ người tiêu dùng. 
650 |a Bảo vệ người tiêu dùng,Consumer protection 
650 |x Luật và pháp chế,Law and legislation 
650 |z Việt Nam,Vietnam 
904 |i Nhi 
910 |b dqhieu 
980 |a Trung tâm Học liệu Trường Đại học Cần Thơ